000 00758nam a2200205Ii 4500
003 JO-AjNU
008 230605s9999||||xx |||||||||||||| ||und||
017 _a2006/7/1756
040 _aJO-AjNU
_bara
_erda
_cJO-AjNU
041 _aara
050 1 4 _aBP136.74.S52 2006
100 3 _aبن شهاب الدين، علوي بن حامد بن محمد,
_eauthor
_913576
245 0 0 _aتصحيح الأفهام فيما ينسب الى نبينا عليه الصلاة والسلام
264 3 1 _aعمان: دار الكندي، 2006
300 _a176ص
336 _atext
_btxt
_2rdacontent
337 _aunmediated
_bn
_2rdamedia
338 _avolume
_bnc
_2rdacarrier
650 4 _aحديث شريف- جرح وتعديل- الاحاديث الموضوعة
_913577
999 _aA3416
_c6984
_d6984